000 01470nam0a22003011 4500
001 rc\147734
005 20260408191129.0
035 _a(NLR Aleph) 008779274
090 _a7972180
_c7972180
100 _a20030307d1991 |||y0rusy50 ca
101 0 _arus
102 _aRU
105 _ay |||||||||
200 1 _aВЗАИМООТНОШЕНИЯ с бюджетом предприятий и организаций агропромышленного комплекса
_f[Майзус Н.С., Майзус С.Н.]
210 _aМ.
_cАгроНИИТЭИПП
_d1991
215 _a37 с., включ. обл.
_d20
225 1 _aПищевая промышленность
_hСерия 28
_iЭкономика пищевой промышленности
_eОбзор. информ.
_fВАСХНИЛ. ВНИИ информ. и техн.-экон. исслед. агропром. комплекса. (ВНИИТЭИАгропром), НИИ информ. и техн.-экон. исслед. пищ. пром-сти
_vВып. 1
320 _aБиблиогр.: с. 37
606 1 _aБюджет
_yСССР
_2nlr_sh1
606 _aПищевая промышленность
_xЭкономика
_3RU\NLR\AUTH\661263817
_92087647
701 1 _aМайзус
_bН.С.
_gНиколай Сергеевич
801 0 _aRU
_bNLR
_gpsbo
801 1 _aRU
_bELAR
_2rusmarc
801 2 _aRU
_bNLR
_c20050419
_2rusmarc
852 _aNLR
_jП22/4761
942 _cBOOK
980 _aNB